01930nam a2200373 a 4500001001200000003000800012006001900020007001500039008004100054020001800095020002700113040002100140035002100161050002400182245016000206260004600366300002400412490004500436504005100481505022900532533015200761650007500913650007500988650007301063650007301136650004301209650004301252655002901295700001501324710001701339830005501356856012601411999001901537ebr10456935CaPaEBRm u cr cn|||||||||110419s2010 enka sb 001 0 eng d z9781848853188 z9780857719027 (e-book) aCaPaEBRcCaPaEBR a(OCoLC)72682350714aJZ6368b.I58 2010eb00aInternational intervention in local conflictsh[electronic resource] :bcrisis management and conflict resolution since the Cold War /cedited by Uzi Rabi. aLondon :bTauris Academic Studies,c2010. axiv, 322 p. :bill.1 aLibrary of international relations ;v48 aIncludes bibliographical references and index.0 apt. 1. Theoretical framework -- pt. 2. The international role in conflict resolution -- pt. 3. American and European experiences in the Middle East -- pt. 4. The tangled web of regional conflict -- pt. 5. Concluding chapter. aElectronic reproduction.bPalo Alto, Calif. :cebrary,d2011.nAvailable via World Wide Web.nAccess may be limited to ebrary affiliated libraries. 0aConflict managementxInternational cooperationxHistoryy20th century. 0aConflict managementxInternational cooperationxHistoryy21st century. 0aCrisis managementxInternational cooperationxHistoryy20th century. 0aCrisis managementxInternational cooperationxHistoryy21st century. 0aPeace-buildingxHistoryy20th century. 0aPeace-buildingxHistoryy21st century. 7aElectronic books.2local1 aRabi, Uzi.2 aebrary, Inc. 0aLibrary of international relations (Series) ;v48.40uhttp://site.ebrary.com/lib/rucke/Doc?id=10456935zAn electronic book accessible through the World Wide Web; click to view c226293d226293